| 000 | 00927nam a22002177a 4500 | ||
|---|---|---|---|
| 003 | JO-AjAnu | ||
| 005 | 20250722103204.0 | ||
| 008 | 250721b jo ||||| |||| 00| 0 ara d | ||
| 020 | _a9789923231999 | ||
| 040 |
_aJO-AjAnu _bara _cJO-AjAnu _dJO-AjAnu _erda |
||
| 041 |
_aara _hara |
||
| 050 |
_aRC537. _bA8484 2024 |
||
| 100 | 1 |
_aابو عاشور، ثائر خالد رضا _eمؤلف _966611 |
|
| 245 | 0 |
_aكيف تتخلص من الإكتئاب : أسبابه - أعراضه - انواعه - طرق علاجه / _cتاليف ثائر خالد رضا ابو عاشور |
|
| 250 | _aالطبعة الثانية | ||
| 260 |
_aعمان : _bدار الخليج للنشر والتوزيع، _c2024 |
||
| 300 | _a326 صفحة | ||
| 504 | _aيحتوي على قائمة مصادر ومراجع | ||
| 650 | 7 | 0 |
_aالاكتئاب-الاحباط-الاضطرتابات النفسية-علم النفس. _966612 |
| 942 |
_2lcc _cBK _n0 |
||
| 999 |
_c33955 _d33955 |
||